000 00593nam a2200241Ia 4500
003 OSt
005 20220924133559.0
006 a|||||r|||| 00| 0
007 ta
008 220923b |||||||| |||| 00| 0 urd d
024 _a267059
037 _cTextual
040 _aARTS
_cARTS
_burd
041 _2urd
_aurd
082 _aO168v.N2, F2
100 _aMohammd Yayah
_9206810
245 0 _aSher ul musanafin
260 _c1922
300 _a224p.
_ccm.
650 _aURDU LITERATURE
942 _hO168v.N2, F2
_cTEXL
_2CC
999 _c434290
_d434290